| 000 | 00662nam a22002057a 4500 | ||
|---|---|---|---|
| 003 | OSt | ||
| 005 | 20140310183032.0 | ||
| 008 | 130219t xxu||||| |||| 00| 0 eng d | ||
| 020 | _a9715844022 | ||
| 050 |
_aLC 220.5 _b.F634 2005 |
||
| 082 |
_aFIL 370.1 _bN21 2005 |
||
| 245 |
_a National Service Training Program (NSTP), literacy training service (LTS) : _bbook 1, basic training module / _cFloresta, Ma. Lourdes ... [et.al.] |
||
| 260 |
_aQuezon City: _bC & E Publishing Inc., _c2005 |
||
| 300 |
_a149p. : _b ill., maps ; _c26 cm. |
||
| 521 | _acollege students | ||
| 526 | _c1210L-1700L | ||
| 541 | _j1 | ||
| 562 | _e1 | ||
| 942 |
_2lcc _cBK _kFIL |
||
| 999 |
_c18450 _d18450 |
||